000 00621nam a22001937a 4500
005 20170307160750.0
010 _aENG-117423
020 _a9789382623007
_c500.00
035 _aEN-100955
037 _bDBAD/PUB
082 _a079.54
100 _aChoudhuri jayanta
245 _aPresident against the Raj :
_cby Jayanta Choudhuri
_bNetaji Subhas Chanddra bose as a journalist and mass commumicator /
260 _aKolata
_bReaders service
_c2013
270 _a59/5A Garfa Main Road,
_bKolkata
_e700004
300 _a172p.
_c21cm(pbk)
500 _aIncules Index
942 _2ddc
_cEN
_mCHO
_h079.54
999 _c138101
_d138101